000 00869nab a2200253 u 4500
001 14418
003 HDC
007 cr bn ---aaaaa
008 210215c xx dr|noo 0 a eng d
040 _aHDC
100 _aAlifah Zainuddin,
_eauthor
_915006
245 0 _aAladdin Group Eyes NYSE Listing By 2020 /
_cby Alifah Zainuddin
260 _a[No place] :
_b[publisher not identified],
_c[no date]
336 _atext
_2rdacontent
337 _acomputer
_2rdamedia
338 _aonline resource
_2rdacarrier
650 _aBusiness
_9207
650 _aHalal food industry
_z Malaysia
_9218
710 _aThe Malaysian Reserve
856 _zRequest full-text at [email protected]
942 _2lcc
942 _cNEWS
942 _kNWSO 004107
999 _c11734
_d11734